|
|
|
|
| LEADER |
00000nam a2200000 a 4500 |
| 001 |
vtls001484386 |
| 003 |
SK-MaSNL |
| 005 |
20260302040706.0 |
| 008 |
251124s2004 sz g f 00000 eng |
| 020 |
|
|
|a 9221130355
|q (brož.)
|
| 035 |
|
|
|a SNK000439680
|
| 040 |
|
|
|a SNK
|b slo
|c SNK
|e AACR2
|
| 041 |
0 |
|
|a eng
|
| 044 |
|
|
|a sz
|c CH
|
| 072 |
|
7 |
|a 331
|x Práca
|2 konspekt
|
| 080 |
|
|
|a 338.312
|2 2001
|
| 080 |
|
|
|a 006
|2 2001
|
| 080 |
|
|
|a (100)
|2 2001
|
| 080 |
|
|
|a (048.8)
|2 2001
|
| 245 |
0 |
0 |
|a Information document on ratifications and standard-related activities (as ot 31 December 2003)
|b third item on the agenda: Information and reports on the application of Conventions and Recommendations
|
| 250 |
|
|
|a 1st publ.
|
| 260 |
|
|
|a Geneva
|b International Labour Office
|c 2004
|
| 300 |
|
|
|a v, 188 s.
|c 30 cm
|
| 490 |
1 |
|
|a Report / International Labour Conference, 92nd Session 2004
|x 0074-6681
|v 3, part 2
|
| 610 |
2 |
7 |
|a Medzinárodná organizácia práce
|2 SNKKA
|9 18131
|
| 650 |
0 |
7 |
|a práca
|2 SNKPH
|9 2337
|
| 650 |
0 |
7 |
|a produktivita
|2 SNKPH
|9 14205
|
| 650 |
0 |
7 |
|a normy a štandardy
|2 SNKPH
|9 74702
|
| 651 |
|
7 |
|a krajiny sveta
|2 SNKPH
|9 253334
|
| 655 |
|
7 |
|a prehľady
|2 SNKPH
|9 70194
|
| 710 |
2 |
|
|a Medzinárodná organizácia práce
|4 aut
|9 18131
|
| 811 |
2 |
|
|a Medzinárodná konferencia práce
|n (92. :
|d 2004 :
|c Ženeva, Švajčiarsko)
|t Report
|9 368109
|
| 919 |
|
|
|a 92-2-113035-5
|
| 999 |
|
|
|c 1075738
|d 1077668
|
| 952 |
|
|
|t P60, <04>, [BOOK], {604}, -A-
|a SNK
|b SNK
|y VYP
|7 0
|p 17A0457386
|o snkIB 70806
|i snk2005/1807
|8 2
|g 26.09
|0 0
|1 0
|4 0
|d 2004-10-28
|l 0
|r 2005-01-02 00:00:00
|w 2026-02-24
|